Gaming Quiz

Random Gaming or Quote Quiz

Gabriel Knight Quotes Quiz Stats

 Plays Quiz not verified by Sporcle

Challenge
Share
Tweet
Embed
Score 0/15 Timer 07:00
0 Plays Today
Quote Line % Correct
I'm sorry, but Gabriel is a lout...I mean, he's out
72%
Thomas? Herr Dr. Klingmann Here...Show our wolves to mr. Knight
60%
I'd rather have no hair...than your hair, Knight
52%
And now you are thinking: How modest! How petite! And of course...I am
44%
You've already got me...you lucky devil
44%
So, When I sees one of these maps, I says to my self: 'John', I says...That's the ticket!
40%
Does anyone else hear Twilight Zone music...or is it just me?
40%
I love to eat and I love to drink, I own a butchery and brewery, which means I love people who love to eat and drink. And If I could make it a...national religion, I would!
32%
Quote Line % Correct
You put a civilized man in the woods, and he's comparably...deaf, dumb and blind!
32%
Don't you think it is ironic that a grape, or even a dog or a cat should be so carefully bred, but that most humans depend on such a...silly thing as love?
28%
The local cemetaries are quite dangeous. I would avoid going there alone...if I were you
28%
There are only two things that redeem you: First- that you have Ritter blood in your veins, Second-...that three women have loved you purely
28%
It'll get easier, though...Don't you think, Gracie?
24%
Yeah, revolutions can really **** up your...long term conspiracies
20%
****! Hunting is a matter of the spirit,...of will!
20%

You're not logged in!

Compare scores with friends on all Sporcle quizzes.
Join for Free
OR
Log In

You Might Also Like...

Show Comments

Extras

Top Quizzes Today


Score Distribution

Your Account Isn't Verified!

In order to create a playlist on Sporcle, you need to verify the email address you used during registration. Go to your Sporcle Settings to finish the process.

Report this User

Report this user for behavior that violates our Community Guidelines.

Details: